00356nam a2200109Ia 4500008004100000050002300041100002000064245003200084260008600116300002800202521001600230140724s9999 xx 000 0 und d aHB 615b.D427 2012 aDerama, Joie N. aDress Up /cJoie N. Derama. aLas Piñas, Philippines :bSouthville International School and Colleges,cc2012. a33 p. :bill. ;c28 cm. aEntrepeneur